1489 1432 1632 1327 1185 1124 1163 1804 1330 1010 1970 1513 1441 1651 1451 1420 1044 1675 1972 1294 1533 1095 1750 1939 1815 1776 1416 1259 1058 1689 1932 1450 1961 1653 1126 1088 1366 1355 1083 1196 1244 1682 1261 1518 1853 1830 1315 1761 1404 1207 1361 1190 1480 1844 1841 1462 1012 1744 1085 1593 1469 1723 1703 1060 1897 1638 1564 1985 1374 1607 1869 1298 1212 1155 1305 1236 1171 1559 1443 1982 1888 1597 1448 1495 1410 1037 1170 1160 1379 1682 1064 1458 1878 1110 1637 1659 1712 1976 1837 BCNSPRNW ULIB Ver.6.0+V

เปลี่ยนเป็นภาษาไทย

Change to English
 แสดงรายละเอียดบรรณานุกรม
  กลับหน้าหลัก

Brief Record : Get Marc (ISO 2709) : E-mail record : QR code < ปิดหน้าต่าง
LEADER : 00000nam 2200000uu 4500
001    13399114380
003     ULIB
008    120327s2552||||th 000 0 tha d
020    ^a9786110600248
090    ^aนว.^bM314L 2552
100 0  ^aเมย์ 112
245 00 ^aLovey brother แผนรักร้ายของ(พี่)ชายจอมเจ้าเล่ห์/^cเมย์ 112
250    ^aพิมพ์ครั้งที่ 1
260    ^aกรุงเทพฯ :^bแจ่มใส,^c2552
300    ^a195 หน้า
710 1  ^aแจ่มใส
945    ^p149^l0^i15523
995    ^aกัณชพร
999    ^aใช้งานได้ทุกระบบ
รายการนี้ยังไม่มีแท็ก
คุณยังไม่ได้ล็อกอิน คุณสามารถมีกิจกรรมร่วมกับเว็บไซต์ได้ แต่ต้องล็อกอินก่อน ::
  ล็อกอิน

รายการสื่อสารสนเทศ

ลำดับที่ ประเภท เลขเรียก/บาร์โค้ด สถานที่ สถานะ
1. นวนิยาย
นวนิยาย
นว. M314L 2552  
  Barcode: 15523
ห้องสมุดวิทยาเขตนครสวรรค์
►นวนิยาย:l:Fiction
บนชั้น

รายการใกล้เคียง
    ผู้แต่ง [เมย์ 112]

BibComment


ยังไม่เคยถูกคอมเมนท์

คอมเมนท์ทรัพยากรรายการนี้
  คอมเมนท์: Lovey brother แผ..


 Copyright 2026. Bcnsprnw @Library